Famous modern battles, (Record no. 126586)
[ view plain ]
| 000 -LEADER | |
|---|---|
| fixed length control field | 00749cam a22002291 4500 |
| 001 - CONTROL NUMBER | |
| control field | 6362051 |
| 003 - CONTROL NUMBER IDENTIFIER | |
| control field | ARRUPE |
| 005 - DATE AND TIME OF LATEST TRANSACTION | |
| control field | 20170808113502.0 |
| 008 - FIXED-LENGTH DATA ELEMENTS--GENERAL INFORMATION | |
| fixed length control field | 730409s1913 xx 000 0 eng |
| 010 ## - LIBRARY OF CONGRESS CONTROL NUMBER | |
| LC control number | 13024855 |
| 035 ## - SYSTEM CONTROL NUMBER | |
| System control number | (OCoLC)599048 |
| 040 ## - CATALOGING SOURCE | |
| Original cataloging agency | DLC |
| Transcribing agency | OKentU |
| Modifying agency | DLC |
| 042 ## - AUTHENTICATION CODE | |
| Authentication code | premarc |
| 050 00 - LIBRARY OF CONGRESS CALL NUMBER | |
| Classification number | D396 |
| Item number | .A7 |
| 300 ## - PHYSICAL DESCRIPTION | |
| Other physical details | illus. |
| Dimensions | 22 cm. |
| 100 1# - MAIN ENTRY--PERSONAL NAME | |
| Personal name | Atteridge, A. Hilliard |
| Fuller form of name | (Andrew Hilliard) |
| 9 (RLIN) | 34621 |
| 245 10 - TITLE STATEMENT | |
| Title | Famous modern battles, |
| Statement of responsibility, etc | by A. Hilliard Atteridge |
| 260 ## - PUBLICATION, DISTRIBUTION, ETC. (IMPRINT) | |
| Place of publication, distribution, etc | London |
| Name of publisher, distributor, etc | Thomas Nelson and Sons |
| Date of publication, distribution, etc | 1911 |
| 300 ## - PHYSICAL DESCRIPTION | |
| Extent | 401 p. |
| 650 #0 - SUBJECT ADDED ENTRY--TOPICAL TERM | |
| Topical term or geographic name as entry element | Battles. |
| 9 (RLIN) | 34622 |
| 906 ## - LOCAL DATA ELEMENT F, LDF (RLIN) | |
| a | 7 |
| b | cbc |
| c | oclcrpl |
| d | u |
| e | ncip |
| f | 19 |
| g | y-gencatlg |
| 942 ## - ADDED ENTRY ELEMENTS (KOHA) | |
| Source of classification or shelving scheme | Library of Congress Classification |
| Koha item type | Monograph ( Printed materials) |
| Withdrawn status | Lost status | Source of classification or shelving scheme | Damaged status | Not for loan | Collection code | Home library | Current library | Shelving location | Date acquired | Total Checkouts | Full call number | Barcode | Date last seen | Price effective from | Koha item type |
|---|---|---|---|---|---|---|---|---|---|---|---|---|---|---|---|
| Library of Congress Classification | Main Collection | ARRUPE LIBRARY | ARRUPE LIBRARY | Main Collection | 08/08/2017 | D396 .A7 | 46500025448 | 08/08/2017 | 08/08/2017 | Monograph ( Printed materials) |